| 000 | 00315nam a22001217a 4500 | ||
|---|---|---|---|
| 020 | _a0735700214 | ||
| 082 |
_222 _a005.1 |
||
| 100 | _aHarlaw, Eric. | ||
| 245 | _aDeveloping linux applications with GTK + and GDK / | ||
| 260 |
_aUSA, _bNew Readers, _cc1999. |
||
| 300 |
_axii, 488p. ; _bill. ; _c23 cm. |
||
| 942 |
_2ddc _cIT |
||
| 999 |
_c1820 _d1820 |
||